Municípios da Região Metropolitana do Extremo Oeste (SC) no mapa - Statistics

Estatísticas Gerais
  • Esse quiz foi jogado 84 vezes
  • A pontuação média é 27 de 49
Respostas no mapa
Respostas codificadas por cores de uma escala verde-vermelha no mapa do quiz de acordo com a % correta abaixo.
 
Estatísticas das Respostas
Município % Correto
São Miguel do Oeste
87%
Dionísio Cerqueira
82%
Maravilha
82%
Itapiranga
79%
Mondaí
71%
Riqueza
68%
São Lourenço do Oeste
68%
São José do Cedro
66%
Abelardo Luz
61%
Guarujá do Sul
61%
Bom Jesus
58%
Flor do Sertão
58%
Guaraciaba
58%
Palma Sola
58%
São João do Oeste
58%
Caibi
55%
Iporã do Oeste
55%
Princesa
55%
Romelândia
55%
Anchieta
53%
Barra Bonita
53%
Belmonte
53%
Campo Erê
53%
Galvão
53%
Jardinópolis
53%
Jupiá
53%
Paraíso
53%
Santa Terezinha do Progresso
53%
Tunápolis
53%
Bom Jesus do Oeste
50%
Formosa do Sul
50%
Modelo
50%
Saltinho
50%
Santa Helena
50%
Santiago do Sul
50%
São Bernardino
50%
Tigrinhos
50%
Descanso
47%
Ouro Verde
47%
São Domingos
47%
São Miguel da Boa Vista
47%
Cunha Porã
45%
Entre Rios
45%
Ipuaçu
45%
Iraceminha
45%
Bandeirante
42%
Irati
42%
Novo Horizonte
42%
Coronel Martins
39%
Nenhum quiz correspondente encontrado
Distribuição das Pontuações
Porcentagem de Pessoas com Cada Pontuação
Percentil de Números Respondidos
Sua Pontuação Histórica
Você não jogou esse quiz